Normal view
MARC view
Entry Topical Term
001 - CONTROL NUMBER
- control field: 51893
003 - CONTROL NUMBER IDENTIFIER
- control field: OSt
005 - DATE AND TIME OF LATEST TRANSACTION
- control field: 20250328155213.0
008 - FIXED-LENGTH DATA ELEMENTS
- fixed length control field: 250328|| aca||aabn | a|a d
040 ## - CATALOGING SOURCE
- Original cataloging agency: OSt
- Transcribing agency: OSt
150 ## - HEADING--TOPICAL TERM
- Topical term or geographic name entry element: Random Reference-Dependent Choice, Deterministic Choices, Revealed Preference, Behavioral Postulates, Empirical Models, Bertrand Competition, Differentiated Products
670 ## - SOURCE DATA FOUND
- Source citation: Work cat.: (OSt)525943: Kibris, O., Masatlioglu. Y. and Suleymanov, E. 51892, A random reference model
